Statistics for Top 10 Solar Power Countries in 2021

Click here to take the quiz!

General Stats

  • This quiz has been taken 34 times
  • The average score is 8 of 10

Answer Stats

GWchange since 2020country% Correct
95.2+26%United States
97%
306.9+21%China
94%
19.1+9%Australia
91%
49.7+27%India
84%
22.7+5%Italy
84%
16.0+13%Spain
84%
58.5+9%Germany
81%
74.2+11%Japan
63%
18.2+25%South Korea
56%
16.7+1%Vietnam
16%

Score Distribution

Percentile by Number Answered

Percent of People with Each Score

Your Score History

You have not taken this quiz